| 000 | 02154nam0a22003251 4500 | ||
|---|---|---|---|
| 001 | rc\3725103 | ||
| 005 | 20250610064947.0 | ||
| 021 |
_aRU _b71-61354 |
||
| 021 |
_aRU _bРг15175-72 |
||
| 035 | _a(NLR Aleph) 007776230 | ||
| 090 |
_a7520786 _c7520786 |
||
| 100 | _a20130115d1971 |||y0rusy50 ca | ||
| 101 | 0 |
_arus _ager _aeng _afre _alit |
|
| 102 | _aRU | ||
| 105 | _ay z ||||| | ||
| 200 | 1 |
_aМатериалы к Симпозиуму по исследованию вида Vimba Vimba (L.) в границах ареала. (Ленинград, 23 августа 1971 г.) _fСов. нац. ком. по Междунар. биол. программе. Ин-т зоологии и паразитологии АН ЛитССР. XVIII Лимнол. конгресс |
|
| 210 |
_aВильнюс _cБ. и. _d1971 |
||
| 215 |
_a86 с. _d20 |
||
| 300 | _aТекст на рус., нем., англ., фр. и литов. яз. | ||
| 300 | _aДоп. тит. листы: на англ. яз.: Materials for the Symposium on the investigations of the species Vimba Vimba (L.) within its arrea; на фр. яз.: Matière des rapports du Symposium concernant les etudes sur l'espece Vimba Vimba (L.) dans les limites de son arreal; на нем. яз.: Die Materialen zum Simposium für Erforschung der Vimba, Vimba (L.) art in den Grenzen des Areals; на литов. яз.: Medžiaga rušies Vimba, Vimba (L.) tyrimo arealo bibose Simpoziumui | ||
| 513 | 0 | _aMatière des rapports du Symposium concernant les etudes sur l'espece Vimba Vimba (L.) dans les limites de son arreal | |
| 513 | 0 | _aDie Materialen zum Simposium für Erforschung der Vimba, Vimba (L.) art in den Grenzen des Areals | |
| 513 | 0 | _aMaterials for the Symposium on the investigations of the species Vimba Vimba (L.) within its arrea | |
| 513 | 0 | _aMedžiaga rušies Vimba, Vimba (L.) tyrimo arealo bibose Simpoziumui | |
| 710 | 1 | 2 | _aСимпозиум по исследованию вида Vimba Vimba (L.) в границах ареала (1971; Ленинград) |
| 801 | 0 |
_aRU _bNLR _gpsbo |
|
| 801 | 1 |
_aRU _bELAR _2rusmarc |
|
| 852 |
_aNLR _j72-4/23315 |
||
| 942 | _cBOOK | ||
| 980 | _aNB | ||